| 000 | 00437 a2200169 4500 | ||
|---|---|---|---|
| 001 | 56755 | ||
| 020 | _a8532520391 | ||
| 040 | _cAnchieta - Pituba | ||
| 100 | _aHofstetter, Ricardo | ||
| 240 | 1 | 0 |
_aA verdadeira história de Bimba, o bambambã do colégio _lpor |
| 245 | 1 | 0 | _aA verdadeira história de Bimba, o bambambã do colégio |
| 300 | _a87 | ||
| 362 | 0 | _a2006 | |
| 440 | 1 | _aRocco | |
| 650 | 4 | _aLiteratura juvenil | |
| 942 | _cBK | ||
| 999 |
_c56755 _d56755 |
||